000 00569nam a2200205 a 4500
003 MX-MxUPN
005 20240612094957.0
008 991125s1921 mx a r 000 0 spa d
035 _aUPN01000034421
040 _aMX-MxUPN
_bspa
_cMX-MxUPN
041 0 _aspa
050 4 _aLB1573 M61
_bF74 1921
100 1 _aF. T. D
245 1 0 _aLecturas graduadas :
_blibro primero /
_cF. T. D.
250 _aSegunda edición.
260 _aMéxico :
_bF.T.D.,
_c1921.
300 _a175 páginas :
_bilustraciones
650 4 _aLecturas y narraciones
_910213
942 _2lcc
_cLIBRO
999 _c34421
_d34421